000 00281nam a22001217a 4500
008 171023b xxu||||| |||| 00| 0 eng d
041 _aeng
080 _a338
100 _a54
101 _aMO
245 _aSTATISTICS FOR THE BEHAVIORAL SCIENCES
_cGRAVETTER, F.J
942 _2udc
_cBK
999 _c35556
_d35556